Rola centrum w ksztaltowaniu struktury spozycia

Na minha lista:
Detalhes bibliográficos
Autor principal: Golinowska, Stanislawa
Formato: Livro
Idioma:polonês
Publicado em: Warszawa Wyd. ekon. 1990
Edição:1. wyd.
Tags: Adicionar Tag
Sem tags, seja o primeiro a adicionar uma tag!

MARC

LEADER 00000nam a2200000 4500
001 c040758
005 20221215130339.6
041 0 |a pol 
044 |a PL 
245 1 0 |a Rola centrum w ksztaltowaniu struktury spozycia  |c Stanislawa Golinowska 
250 |a 1. wyd. 
264 1 |a Warszawa  |b Wyd. ekon.  |c 1990 
300 |a 285 s. 
100 1 |a Golinowska, Stanislawa